Sports Quiz

Random Sports or Football Quiz

Sports Sixes Quiz Stats

 Plays Quiz Updated Jan 20, 2018

Also try: Science Sixes
Challenge
Share
Tweet
Embed
Score 0/36 Timer 06:00
6 Plays Today
Hint Answer % Correct
Baseball Positions (Core & Infield)*Pitcher
94.7%
Baseball Positions (Core & Infield)*First Base
93.7%
Baseball Positions (Core & Infield)*Second Base
93.6%
Baseball Positions (Core & Infield)*Third Base
93%
Baseball Positions (Core & Infield)*Catcher
92.5%
Baseball Positions (Core & Infield)*Shortstop
91%
Top NFL Passing Yards LeadersPeyton Manning
87.1%
Top NFL Passing Yards LeadersTom Brady
85.9%
Original NHL TeamsBoston Bruins
79.7%
Original NHL TeamsNew York Rangers
78.8%
Original NHL TeamsToronto Maple Leafs
77.6%
Original NHL TeamsMontreal Canadiens
77.4%
Original NHL TeamsDetroit Red Wings
77.3%
Original NHL TeamsChicago Black Hawks
76.8%
Top NFL Passing Yards LeadersBrett Favre
75.9%
NBA Divisions (Eastern & Western Conference)Pacific
74.2%
NBA Divisions (Eastern & Western Conference)Atlantic
73.3%
Top NFL Passing Yards LeadersDan Marino
71.9%
Hint Answer % Correct
Top NFL Passing Yards LeadersDrew Brees
67.1%
NBA Divisions (Eastern & Western Conference)Central
66%
Men's Olympic Artistic Gymnastic EventsStill Rings
63%
NBA Divisions (Eastern & Western Conference)Southwest
60.4%
NBA Divisions (Eastern & Western Conference)Southeast
60.1%
Men's Olympic Artistic Gymnastic EventsFloor Exercise
57.7%
NBA Divisions (Eastern & Western Conference)Northwest
57.5%
Men's Olympic Artistic Gymnastic EventsPommel Horse
55.7%
Six Nations Championship Rugby TeamsEngland
55.2%
Top NFL Passing Yards LeadersEli Manning
55.2%
Six Nations Championship Rugby TeamsIreland
52.2%
Men's Olympic Artistic Gymnastic EventsVault
47.7%
Six Nations Championship Rugby TeamsScotland
47.5%
Six Nations Championship Rugby TeamsFrance
46.8%
Six Nations Championship Rugby TeamsWales
45.5%
Men's Olympic Artistic Gymnastic EventsParallel Bars
41.6%
Six Nations Championship Rugby TeamsItaly
34.1%
Men's Olympic Artistic Gymnastic EventsHorizontal Bar
24.6%

You're not logged in!

Compare scores with friends on all Sporcle quizzes.
Join for Free
OR
Log In

You Might Also Like...

Show Comments

Extras

Top Quizzes Today


Score Distribution

Your Account Isn't Verified!

In order to create a playlist on Sporcle, you need to verify the email address you used during registration. Go to your Sporcle Settings to finish the process.

Report this User

Report this user for behavior that violates our Community Guidelines.

Details: